MARC

LEADER 00000nam0a2200000 4500
001 186015
005 20231101223944.0
035 |a (RuTPU)RU\TPU\book\201836 
035 |a RU\TPU\book\43943 
090 |a 186015 
100 |a 20101021d2010 m y0rusy50 ca 
101 0 |a rus 
102 |a RU 
105 |a a j 001zy 
200 1 |a Теория вероятностей. Математическая статистика  |e учебное пособие  |f Л. И. Лазарева, А. А. Михальчук  |g Томский политехнический университет (ТПУ), Институт дистанционного образования (ИДО) 
205 |a 2-е изд., стер. 
210 |a Томск  |c Изд-во ТПУ  |d 2010 
215 |a 144 с.  |c ил. 
320 |a Библиогр.: с. 141. 
451 1 |0 (RuTPU)RU\TPU\book\13999  |t Теория вероятностей. Математическая статистика  |o учебное пособие  |f Л. И. Лазарева, А. А. Михальчук  |g Томский политехнический университет  |c Томск  |n Изд-во ТПУ  |d 2000  |p 136 с.  |a Лазарева, Любовь Ивановна 
606 1 |a Вероятностей теория и математическая статистика  |2 stltpush  |3 (RuTPU)RU\TPU\subj\2260  |9 30847 
610 1 |a математика 
610 1 |a вероятность 
610 1 |a комбинаторика 
610 1 |a случайные величины 
610 1 |a частные распределения 
610 1 |a корреляционно-регрессионный анализ 
610 1 |a статистические гипотезы 
610 1 |a формула Байес 
610 1 |a формула Бернулли 
610 1 |a формула Пуассона 
610 1 |a теорема Муавра-Лапласа 
610 1 |a учебные пособия 
610 1 |a труды учёных ТПУ 
675 |a 519.2(075.8)  |v 3 
700 1 |a Лазарева  |b Л. И.  |c математик  |c доцент Томского политехнического университета  |g Любовь Ивановна  |2 stltpush  |3 (RuTPU)RU\TPU\pers\27010 
701 1 |a Михальчук  |b А. А.  |c математик  |c доцент Томского политехнического университета  |g Александр Александрович  |2 stltpush  |3 (RuTPU)RU\TPU\pers\27011 
712 0 2 |a Томский политехнический университет (ТПУ)  |b Институт дистанционного образования (ИДО)  |2 stltpush  |3 (RuTPU)RU\TPU\col\12625 
801 1 |a RU  |b 63413507  |c 20020912  |g PSBO 
801 2 |a RU  |b 63413507  |c 20220128  |g PSBO 
900 |a Уравнения математической физики 
900 |a Надежность и диагностика автоматизированных систем 
900 |a Математическая обработка результатов измерений 
942 |c BK